|
|
|
|
| LEADER |
00000nam2a2200000 4500 |
| 001 |
157593 |
| 005 |
20231031153927.0 |
| 035 |
|
|
|a (RuTPU)RU\TPU\book\170945
|
| 090 |
|
|
|a 157593
|
| 100 |
|
|
|a 20090409d1987 km y0rusy50 ca
|
| 101 |
0 |
|
|a rus
|
| 102 |
|
|
|a UA
|
| 105 |
|
|
|a a z 001zy
|
| 200 |
0 |
|
|a Вып. 45
|
| 210 |
|
|
|d 1987
|
| 215 |
|
|
|a 106 с.
|c ил.
|
| 320 |
|
|
|a Библиография в конце статей
|
| 461 |
|
1 |
|0 (RuTPU)RU\TPU\book\160085
|t Детали машин
|o республиканский межведомственный научно-технический сборник
|f Одесский политехнический институт ; отв. ред. К. И. Заблонского
|v Вып. 45
|d 1965-1990
|
| 610 |
1 |
|
|a детали машин
|
| 610 |
1 |
|
|a узлы
|
| 610 |
1 |
|
|a расчет
|
| 610 |
1 |
|
|a конструирование
|
| 610 |
1 |
|
|a испытание
|
| 610 |
1 |
|
|a ременные передачи
|
| 610 |
1 |
|
|a нагрузки
|
| 675 |
|
|
|a 621.81
|v 3
|
| 801 |
|
1 |
|a RU
|b 63413507
|c 20090409
|g PSBO
|
| 801 |
|
2 |
|a RU
|b 63413507
|c 20130115
|g PSBO
|
| 942 |
|
|
|c BK
|